<?xml version="1.0" encoding="UTF-8"?>
<record
    xmlns:xsi="http://www.w3.org/2001/XMLSchema-instance"
    xsi:schemaLocation="http://www.loc.gov/MARC21/slim http://www.loc.gov/standards/marcxml/schema/MARC21slim.xsd"
    xmlns="http://www.loc.gov/MARC21/slim">

  <leader>00707nam a22001697a 4500</leader>
  <controlfield tag="003">OSt</controlfield>
  <controlfield tag="005">20140223034659.0</controlfield>
  <controlfield tag="008">140223s2013    uy ||||| |||| 00| 0 spa d</controlfield>
  <datafield tag="020" ind1=" " ind2=" ">
    <subfield code="a">9789233041899</subfield>
  </datafield>
  <datafield tag="040" ind1=" " ind2=" ">
    <subfield code="b">cat</subfield>
    <subfield code="c">CDMR</subfield>
  </datafield>
  <datafield tag="100" ind1="1" ind2=" ">
    <subfield code="9">4541</subfield>
    <subfield code="a">Hunter, Mark Lee</subfield>
  </datafield>
  <datafield tag="245" ind1="1" ind2="3">
    <subfield code="a">La investigaci&#xF3;n a partir de historias</subfield>
    <subfield code="b">: manual para periodistas de investigaci&#xF3;n</subfield>
    <subfield code="c">Mark Lee Hunter</subfield>
    <subfield code="h">[recurs electr&#xF2;nic]</subfield>
  </datafield>
  <datafield tag="260" ind1=" " ind2=" ">
    <subfield code="a">Montevideo</subfield>
    <subfield code="b">Oficina regional de ciencias de la UNESCO para Am&#xE9;rica Latina y el Caribe</subfield>
    <subfield code="c">2013</subfield>
  </datafield>
  <datafield tag="650" ind1=" " ind2=" ">
    <subfield code="9">3353</subfield>
    <subfield code="a">Periodisme d'investigaci&#xF3;</subfield>
  </datafield>
  <datafield tag="856" ind1=" " ind2=" ">
    <subfield code="u">http://unesdoc.unesco.org/images/0022/002264/226457S.pdf</subfield>
    <subfield code="y">La investigaci&#xF3;n a partir de historias</subfield>
    <subfield code="z">(Acc&#xE9;s lliure)</subfield>
  </datafield>
  <datafield tag="942" ind1=" " ind2=" ">
    <subfield code="2">udc</subfield>
    <subfield code="c">RECURS_WEB</subfield>
  </datafield>
  <datafield tag="999" ind1=" " ind2=" ">
    <subfield code="c">6696</subfield>
    <subfield code="d">6696</subfield>
  </datafield>
  <datafield tag="952" ind1=" " ind2=" ">
    <subfield code="0">0</subfield>
    <subfield code="1">0</subfield>
    <subfield code="4">0</subfield>
    <subfield code="7">0</subfield>
    <subfield code="a">CDMR</subfield>
    <subfield code="b">CDMR</subfield>
    <subfield code="d">2014-02-23</subfield>
    <subfield code="e">Donaci&#xF3;</subfield>
    <subfield code="l">0</subfield>
    <subfield code="o">Ca 1</subfield>
    <subfield code="p">CDMR1402301185</subfield>
    <subfield code="r">2014-02-23</subfield>
    <subfield code="w">2014-02-23</subfield>
    <subfield code="y">RECURS_WEB</subfield>
  </datafield>
</record>
